01302nam a2200325 a 4500001001200000003000800012006001900020007001500039008004100054010001700095020002600112040002100138035002100159050002600180082001400206100003400220245014300254260004600397300002600443504006500469533015200534650001700686650002600703650002500729650002100754655002900775710002900804710001700833856012600850ebr10296428CaPaEBRm u cr cn|||||||||071231s2008 njud sb 001 0 eng  z 2007052402 z9780470228043 (cloth) aCaPaEBRcCaPaEBR a(OCoLC)64776336514aHG4521b.J6632 2008eb04a332.62221 aJones, Christopher L.,d1967-14aThe intelligent portfolioh[electronic resource] :bpractical wisdom on personal investing from Financial Engines /cChristopher L. Jones. aHoboken, N.J. :bJ. Wiley & Sons,cc2008. axx, 364 p. :bcharts. aIncludes bibliographical references (p. 335-345) and index. aElectronic reproduction.bPalo Alto, Calif. :cebrary,d2013.nAvailable via World Wide Web.nAccess may be limited to ebrary affiliated libraries. 0aInvestments. 0aPortfolio management. 0aInvestment analysis. 0aRisk management. 7aElectronic books.2local2 aFinancial Engines (Firm)2 aebrary, Inc.40uhttp://site.ebrary.com/lib/rucke/Doc?id=10296428zAn electronic book accessible through the World Wide Web; click to view